Statistiques concernant Top 50 de l'Année 1992

Cliquez ici pour prendre le quiz!

Statistiques générales

  • Ce quiz a été pris 12 fois
  • Le résultat moyen est 11 sur 50

Statistiques - réponses

ArtistesChansons% Correct
25MICHAEL JACKSONBlack or white
70%
7M.C. SOLAARCaroline
70%
12NIRVANASmells like teen spirit
70%
11U2One
60%
24ELTON JOHNThe one
60%
35MICHAEL JACKSONHeal the world
50%
37GENESISI can't dance
50%
16POW WOWLe chat
50%
47METALLICANothing else matters
50%
26NIRVANACome as you are
40%
14QUEENThe show must go on
40%
2TEN SHARPYou
40%
15STING & ERIC CLAPTONIt's probably me
30%
45MICHAEL JACKSONJam
30%
38GENESISJesus he knows me
30%
10FRANCOIS FELDMANJoy
30%
46KRIS KROSSJump
30%
33MYLENE FARMERBeyond my control
20%
3GEORGE MICHAEL & ELTON JOHNDon't let the sun go down on me
20%
28MICHAEL JACKSONIn the closet
20%
9BOB MARLEYIron lion zion
20%
20MYLENE FARMERJe t'aime mélancolie
20%
29SALT-N-PEPALet's talk about sex
20%
40STEPHAN EICHERPas d'ami (comme toi)
20%
22MICHAEL JACKSONRemember the time
20%
32MICHAEL JACKSONWho is it
20%
50JEAN LELOUP1990
10%
6VANESSA PARADISBe my baby
10%
27ETIENNE DAHODes attractions désastre
10%
19LIONEL RICHIEDo it to me
10%
36GENESISHold on my heart
10%
13TEARS FOR FEARSLaid so low (tears roll down)
10%
4JOE COCKERNight calls
10%
30SADENo ordinary love
10%
21DOUBLE YOUPlease don't go
10%
18ETIENNE DAHOSaudade
10%
48SIMPLY REDStars
10%
1CYNDI LAUPERThe world is stone
10%
42MR. BIGTo be with you
10%
34LISA STANSFIELDChange
0%
44GARLAND JEFFREYSHail hail rock'n'roll
0%
8SHANICEI love your smile
0%
17LIONEL RICHIEMy destiny
0%
39EN VOGUEMy lovin'
0%
31MARCO MASINIPerché lo fai
0%
5SNAP!Rhythm is a dancer
0%
41ELTON JOHN & ERIC CLAPTONRunaway train
0%
23BASS BUMPERS feat. E. MELLO & FELICIAThe music's got me
0%
49MADONNAThis used to be my playground
0%
43GEORGE MICHAELToo funky
0%

Distribution des résultats

Percentile par nombre de réponses

% des personnes avec chaque résultat

Votre développement - résultats

Vous n’avez pas pris ce quiz